Operation Research (Record no. 57920)

MARC details
000 -LEADER
fixed length control field 00470nam a2200181Ia 4500
008 - FIXED-LENGTH DATA ELEMENTS--GENERAL INFORMATION
fixed length control field 230524s9999 xx 000 0 und d
020 ## - INTERNATIONAL STANDARD BOOK NUMBER
ISBN 9789380578941
082 ## - DEWEY DECIMAL CLASSIFICATION NUMBER
Classification number 658.4034
Item number NAI
100 ## - MAIN ENTRY--AUTHOR NAME
Personal name "N.V.R. Naidu,"
245 #0 - TITLE STATEMENT
Title Operation Research
250 ## - EDITION STATEMENT
Edition statement 1
260 ## - PUBLICATION, DISTRIBUTION, ETC. (IMPRINT)
Place of publication New Delhi
Name of publisher I.K.International
Year of publication 2013
300 ## - PHYSICAL DESCRIPTION
Number of Pages "XV,891p;"
500 ## - GENERAL NOTE
General note Quantity Number: 1
650 ## - SUBJECT ADDED ENTRY--TOPICAL TERM
Topical Term Mathamatics
700 ## - ADDED ENTRY--PERSONAL NAME
Personal name G.Rajendra &T.Krishna Rao
942 ## - ADDED ENTRY ELEMENTS (KOHA)
Koha item type Books
Holdings
Lost status Damaged status Permanent Location Current Location Shelving location Date acquired Full call number Accession Number Koha item type
    Central Library, Trident Academy of Technology Central Library, Trident Academy of Technology General Stacks 05/24/2023 658.4034 NAI 54213 Books
Trident Academy of Technology © 2023.
All rights reserved.                                                                                                                                                                                                        Designed by Team of Central Library .

Powered by Koha